| 000 | 02763nam a22003737a 4500 | ||
|---|---|---|---|
| 005 | 2010111502222.0 | ||
| 010 | _aB-417385-370 | ||
| 020 |
_a818929735X _c395.00 |
||
| 020 |
_a9788189297350 _c395.00 |
||
| 035 | _aB-417385-370 | ||
| 037 | _bVijay Goel | ||
| 082 | _aN | ||
| 100 |
_aYan, Vassili _924313 |
||
| 245 |
_aChengiz Khan : _cby Vassili Yan ; translated by Linda Noble _bdevil's son God's gory butcher/ |
||
| 260 |
_aDelhi _bVijay Goel _c2008 |
||
| 270 |
_aS-16, Naveen Shahdara, _bDelhi _e110032 |
||
| 300 |
_a288 p. ; _c22 cm(Hb) |
||
| 700 |
_aNoble, Linda _924076 |
||
| 942 |
_2ddc _cEN _mYAN _hN |
||
| 999 |
_c35749 _d35749 |
||